000 00561nam a2200205 a 4500
001 000001854
005 20200929145730.0
008 090629s1998 sp 001 0 spa d
020 _a8448303210
040 _aDO-SdBNP
082 _axxx
_bM828e
100 1 _aMoral Ruiz, Carmen del
_96028
245 1 3 _aEl 98 /
_cCarmen del Moral Ruiz.
260 _aMadrid :
_bAcento Editorial,
_c1998.
300 _a89 p. ;
_c20 cm.
500 _aIncluye índice
500 _aIncluye notas al pie de páginas
504 _aBibliografía : p. 79-82
910 _aEn proceso
999 _c1731
_d1731